000 01284nkm a22002657a 4500
001 85804
005 20260416173853.0
007 kh bo
008 260415s1914 sp ||||| |||| |0| i|spa d
040 _aM-RABA
_bspa
_cM-RABA
100 1 _aBrocconini, Pietro
_9111670
245 1 3 _a[La Sagrada Familia
_b: construcción de la fachada del Nacimiento]
_c/ Brocconini, Pietro
_h[Material gráfico]
260 _c[ca. 1914]
300 _a1 fotografía
_b: aristotipo
_c; 17 x 22,5 cm
500 0 0 _aFotografía que representa la construcción de la fachada del Nacimiento de la Sagrada Familia (Barcelona).
500 0 0 _aLa construcción de la fachada del Nacimiento se inició en 1891. A partir de 1914 Gaudí se dedica únicamente al templo hasta su muerte en 1926.
500 0 0 _aFecha tomada desde que el arquitecto se dedicó únicamente a este monumento.
600 1 7 _aGaudí, Antoni (
_d1852-1926)
_928707
610 2 7 _aTemplo de la Sagrada Familia (Barcelona, España)
_972397
651 7 _aBarcelona (España)
_974754
655 0 _aFotografías de monumentos
_9111580
852 _jFot-646
856 _uhttps://archivoybiblioteca.realacademiabellasartessanfernando.com/cgi-bin/koha/opac-retrieve-file.pl?id=c63c06ea7e48a9754ebd3f0c4b4d82f0
_yFot-646
942 _cFOTOGRAFÍA
_n0
999 _c85804
_d85804